Studies in neotropical mallophaga (IX) (Registro nro. 15908)

Detalles MARC
000 -CABECERA
Campo de control 004250000a22001090004500
090 ## - CLASIFICACIÓN LOCAL
Colección AS
Consecutivo Seriadas
041 0# - IDIOMA
Código de idioma para texto/pista de sonido o título separado
100 1# - ASIENTO PRINCIPAL--NOMBRE PERSONAL
Nombre personal Carriker, M. A.
245 10 - MENCION DE TITULO
Título Studies in neotropical mallophaga (IX)
Version amblycera of the new world "Galiformes" part 1. the genus menacanthus neumann
773 1# - Item fuente:
Título Revista de la Academia Colombiana de Ciencias Exactas, Físicas y Naturales
Descripción física 25-26
Paginas del Articulo 115-137
Lugar, editorial y fecha de publicación 1947
Información sobre la relación 7
942 ## - ELEMENTOS ADICIONALES (KOHA)
Tipo de ítem Artículo

No hay ítems disponibles.